Logos Through the Ages: KFC Quiz Stats

 Plays Quiz Updated Dec 5, 2018

Support Sporcle.
Go Orange.
Score 0/5 Timer 02:00
4 Plays Today
% Correct
???
98.3%
???
91.8%
???
86.9%
???
77.6%
???
62.9%

You're not logged in!

Compare scores with friends on all Sporcle quizzes.
OR
Log In
Forgot?

From the Vault

Sharks!

by caramba

Science 6m
Just when you thought it was safe to go back and Sporcle...
Remove Ads.
Support Sporcle.
Get the best of Sporcle when you Go Orange. This ad-free experience offers more features, more stats, and more fun while also helping to support Sporcle. Thank you for becoming a member.

Show Comments

Extras

Top Quizzes Today


Score Distribution

Your Account Isn't Verified!

In order to create a playlist on Sporcle, you need to verify the email address you used during registration. Go to your Sporcle Settings to finish the process.

Report this User

Report this user for behavior that violates our Community Guidelines.

Details: